| 000 | nam a22 a 4500 | ||
|---|---|---|---|
| 999 |
_c2192 _d2192 |
||
| 005 | 20170515152401.0 | ||
| 008 | 170515s1986 xxu||||| |||| 00| 0 eng d | ||
| 020 | _a0021368104 | ||
| 040 | _aAKMAL | ||
| 082 | _a372.4 SMI | ||
| 090 |
_a372.4 _bSMI |
||
| 100 |
_aCarl B. Smith _94618 |
||
| 245 |
_aYou Can I can, Too We Can Read / _cCarl B. Smith |
||
| 260 |
_aUnited States of America _bMacmillan Publishing Company |
||
| 300 | _ccm | ||
| 942 |
_2ddc _cBOOK |
||